Carregando...
Information Management in New Millennium: Opportunities and Challenges for Library Professionals
| Autor principal: | |
|---|---|
| Formato: | Printed Book |
| Idioma: | Undetermined English |
| Publicado em: |
Delhi
Ess Ess Publications
2008
|
| Assuntos: |
| LEADER | 00729nam a2200205Ia 4500 | ||
|---|---|---|---|
| 008 | 140306s9999 xx 000 0 und d | ||
| 020 | |a 9788170005315 | ||
| 041 | |a eng | ||
| 082 | |a 025.1 |b ASH/IN | ||
| 100 | |a Ashok, Kumar Sahu | ||
| 245 | |a Information Management in New Millennium: Opportunities and Challenges for Library Professionals | ||
| 260 | |a Delhi |b Ess Ess Publications |c 2008 | ||
| 300 | |a 521 | ||
| 365 | |b Rs. 1250/- | ||
| 650 | |a Digital Library and Electronic Resources | ||
| 650 | |a Information and Society | ||
| 650 | |a Information Management | ||
| 942 | |2 ddc |c BK | ||
| 999 | |c 187636 |d 187636 | ||
| 952 | |0 0 |1 0 |2 ddc |4 0 |6 025_100000000000000_ASH_IN |7 0 |9 193744 |a KAUCBV |b KAUCBV |g 1250.00 |o 025.1 ASH/IN |r 2014-03-22 |w 2014-03-22 |y BK | ||